[Event "DSJ Weihnachtsturnier U20 2020"]
[Site "https://play.chessbase.com/en/play?room=DSJWeihnachtU20"]
[Date "2020.12.29"]
[Round "3"]
[White "Lohmann, Laurin"]
[Black "Gazizov, Max"]
[Result "1-0"]
[Termination "normal"]
[Board "17.1"]
[WhiteElo "1736"]
[BlackElo "1689"]
[WhiteTeam "VfL Leipheim 1898"]
[BlackTeam "Think Rochade - SC HRO"]
[PlyCount "57"]
[WhiteFideId "16281594"]
[BlackFideId "12951323"]
[EventRounds "7"]
[EventType "team-swiss"]
[EventDate "2020.12.29"]

1. e4 {[%emt 0:00:06]} c5 {[%emt 0:00:03]} 2. c3 {[%emt 0:00:03]} d5 {[%emt
0:00:03]} 3. exd5 {[%emt 0:00:05]} Qxd5 {[%emt 0:00:02]} 4. d4 {[%emt 0:00:01]}
cxd4 {[%emt 0:00:32]} 5. cxd4 {[%emt 0:00:16]} Nc6 {[%emt 0:00:04]} 6. Nf3 {
[%emt 0:00:04]} e6 {[%emt 0:00:50]} 7. Nc3 {[%emt 0:00:04]} Bb4 {[%emt 0:00:04]
} 8. Be3 {[%emt 0:00:28]} Nf6 {[%emt 0:00:06]} 9. Bd3 {[%emt 0:00:07]} O-O {
[%emt 0:00:44]} 10. O-O {[%emt 0:00:10]} Qd8 {[%emt 0:00:16]} 11. Rc1 {[%emt
0:00:09]} a6 {[%emt 0:00:53]} 12. a3 {[%emt 0:00:05]} Ba5 {[%emt 0:00:18]} 13.
b4 {[%emt 0:00:08]} Bc7 {[%emt 0:00:16]} 14. Qb3 {[%emt 0:00:09]} b5 {[%emt
0:00:32]} 15. Ne4 {[%emt 0:00:13]} Ne7 {[%emt 0:00:12]} 16. Nxf6+ {[%emt
0:00:06]} gxf6 {[%emt 0:00:02]} 17. Qc2 {[%emt 0:00:13]} f5 {[%emt 0:00:20]}
18. Qxc7 { [%emt 0:00:13]} Qe8 {[%emt 0:00:35]} 19. Qg3+ {[%emt 0:00:19]} Kh8
{[%emt 0:00:15]} 20. Bh6 {[%emt 0:00:07]} Ng6 {[%emt 0:00:25]} 21. Bxf8 {[%emt
0:00:05]} Qxf8 {[%emt 0:00:01]} 22. Ne5 {[%emt 0:00:06]} Bb7 {[%emt 0:00:14]}
23. Nxg6+ { [%emt 0:00:05]} hxg6 {[%emt 0:00:02]} 24. Rc7 {[%emt 0:00:13]} Bd5
{[%emt 0:00:34]} 25. h3 {[%emt 0:00:22]} Kg8 {[%emt 0:00:10]} 26. Rfc1 {[%emt
0:00:06]} Qh6 {[%emt 0:00:08]} 27. Rc8+ {[%emt 0:00:10]} Kh7 {[%emt 0:00:07]}
28. Qe5 { [%emt 0:00:21]} f6 {[%emt 0:00:35]} 29. R1c7+ {[%emt 0:00:09]} 1-0

[Event "DSJ Weihnachtsturnier U20 2020"]
[Site "https://play.chessbase.com/en/play?room=DSJWeihnachtU20"]
[Date "2020.12.29"]
[Round "3"]
[White "Wiese, Erik"]
[Black "Lohmann, Dominik"]
[Result "1/2-1/2"]
[Termination "normal"]
[Board "17.2"]
[WhiteElo "1613"]
[BlackElo "1786"]
[WhiteTeam "Think Rochade - SC HRO"]
[BlackTeam "VfL Leipheim 1898"]
[PlyCount "75"]
[WhiteFideId "16271602"]
[BlackFideId "16281527"]
[EventRounds "7"]
[EventType "team-swiss"]
[EventDate "2020.12.29"]

1. c4 {[%emt 0:00:08]} e5 {[%emt 0:00:07]} 2. Nc3 {[%emt 0:00:02]} Nf6 { [%emt
0:00:07]} 3. g3 {[%emt 0:00:08]} Bc5 {[%emt 0:00:19]} 4. Bg2 {[%emt 0:00:02]}
d6 {[%emt 0:00:02]} 5. e3 {[%emt 0:00:02]} O-O {[%emt 0:00:03]} 6. Nge2 { [%emt
0:00:01]} Nc6 {[%emt 0:00:09]} 7. O-O {[%emt 0:00:03]} Be6 {[%emt 0:00:08]} 8.
d4 {[%emt 0:00:02]} exd4 {[%emt 0:00:32]} 9. exd4 {[%emt 0:00:02]} Bxc4 {[%emt
0:00:31]} 10. dxc5 {[%emt 0:00:07]} dxc5 {[%emt 0:00:02]} 11. Be3 { [%emt
0:00:24]} Nd4 {[%emt 0:00:26]} 12. Bxd4 {[%emt 0:00:26]} cxd4 {[%emt 0:00:02]}
13. Ne4 {[%emt 0:00:25]} d3 {[%emt 0:02:34]} 14. N2c3 {[%emt 0:01:02]} d2
{[%emt 0:00:56]} 15. Nxf6+ {[%emt 0:00:41]} Qxf6 {[%emt 0:00:04]} 16. Qxd2 {
[%emt 0:00:31]} Bxf1 {[%emt 0:00:03]} 17. Rxf1 {[%emt 0:00:04]} Rad8 {[%emt
0:00:08]} 18. Qc2 {[%emt 0:00:11]} c6 {[%emt 0:00:15]} 19. Re1 {[%emt 0:00:20]}
Rfe8 {[%emt 0:00:15]} 20. Rxe8+ {[%emt 0:01:02]} Rxe8 {[%emt 0:00:03]} 21. Ne4
{[%emt 0:00:02]} Qd4 {[%emt 0:00:21]} 22. h4 {[%emt 0:00:22]} h6 {[%emt
0:00:23]} 23. Kh2 {[%emt 0:00:24]} Kh8 {[%emt 0:00:12]} 24. Nc5 {[%emt
0:00:05]} Qb4 {[%emt 0:00:57]} 25. a3 {[%emt 0:00:20]} Qb6 {[%emt 0:00:07]} 26.
b4 {[%emt 0:00:03]} Qc7 {[%emt 0:00:07] Rochade1-002 reconnected.} 27. Qf5
{[%emt 0:01:58]} b6 {[%emt 0:00:44]} 28. Nd3 {[%emt 0:00:20]} g6 {[%emt
0:00:43]} 29. Qf6+ { [%emt 0:00:05]} Kh7 {[%emt 0:00:01]} 30. h5 {[%emt
0:00:11]} Qe7 {[%emt 0:00:08]} 31. hxg6+ {[%emt 0:00:11]} fxg6 {[%emt 0:00:00]}
32. Qxc6 {[%emt 0:00:06]} Qe2 {[%emt 0:00:10]} 33. Qd7+ {[%emt 0:00:31]} Re7
{[%emt 0:00:05]} 34. Qd4 { [%emt 0:00:09]} Qh5+ {[%emt 0:00:04]} 35. Bh3 {[%emt
0:00:15]} Qe2 {[%emt 0:00:11]} 36. Bg2 {[%emt 0:00:05]} Qh5+ {[%emt 0:00:02]}
37. Kg1 {[%emt 0:00:04]} Qd1+ {[%emt 0:00:02]} 38. Kh2 {[%emt 0:00:07]} 1/2-1/2

[Event "DSJ Weihnachtsturnier U20 2020"]
[Site "https://play.chessbase.com/en/play?room=DSJWeihnachtU20"]
[Date "2020.12.29"]
[Round "3"]
[White "Schwegler, Tim"]
[Black "Witek, Jarne"]
[Result "1-0"]
[Termination "normal"]
[Board "17.3"]
[WhiteElo "1623"]
[BlackElo "1393"]
[WhiteTeam "VfL Leipheim 1898"]
[BlackTeam "Think Rochade - SC HRO"]
[PlyCount "67"]
[BlackFideId "16247647"]
[EventRounds "7"]
[EventType "team-swiss"]
[EventDate "2020.12.29"]

1. e4 {[%emt 0:00:05]} e5 {[%emt 0:00:03]} 2. Nf3 {[%emt 0:00:02]} Nc6 { [%emt
0:00:01]} 3. Bc4 {[%emt 0:00:05]} Nf6 {[%emt 0:00:02]} 4. Ng5 {[%emt 0:00:17]}
d5 {[%emt 0:00:05]} 5. exd5 {[%emt 0:00:03]} b5 {[%emt 0:00:04]} 6. Bxb5 {[%emt
0:02:04]} Qxd5 {[%emt 0:00:04]} 7. Nc3 {[%emt 0:00:04]} Qxg2 { [%emt 0:00:09]}
8. Qf3 {[%emt 0:00:03]} Qxf3 {[%emt 0:00:04]} 9. Nxf3 {[%emt 0:00:01]} Bd7
{[%emt 0:00:09]} 10. d3 {[%emt 0:00:07]} Bb4 {[%emt 0:00:15]} 11. Bd2 {[%emt
0:00:06]} O-O {[%emt 0:00:09]} 12. Rg1 {[%emt 0:00:08]} Rfe8 { [%emt 0:00:55]}
13. O-O-O {[%emt 0:00:09]} e4 {[%emt 0:00:54]} 14. dxe4 { [%emt 0:00:13]} Rad8
{[%emt 0:00:37]} 15. a3 {[%emt 0:00:05]} Ba5 {[%emt 0:00:22]} 16. b4 {[%emt
0:00:22]} Nxb4 {[%emt 0:00:22]} 17. axb4 {[%emt 0:00:27]} Bxb4 {[%emt 0:00:06]}
18. Bxd7 {[%emt 0:00:05]} Nxd7 {[%emt 0:01:06]} 19. Nd5 { [%emt 0:00:08]} Bc5
{[%emt 0:00:45]} 20. Nxc7 {[%emt 0:00:12]} Rb8 {[%emt 0:00:48]} 21. Bc3 {[%emt
0:00:34]} Ba3+ {[%emt 0:00:34]} 22. Kd2 {[%emt 0:00:03]} Red8 {[%emt 0:00:20]}
23. Ke2 {[%emt 0:00:23]} f6 {[%emt 0:00:32]} 24. Ne6 { [%emt 0:00:07]} Re8
{[%emt 0:00:12]} 25. Rxd7 {[%emt 0:00:25]} Rxe6 {[%emt 0:00:14]} 26. Rdxg7+
{[%emt 0:00:28]} Kh8 {[%emt 0:00:08]} 27. Ng5 {[%emt 0:00:38]} Kxg7 {[%emt
0:00:29]} 28. Nxe6+ {[%emt 0:00:03]} Kf7 {[%emt 0:00:03]} 29. Nf4 {[%emt
0:00:13]} Re8 {[%emt 0:00:05]} 30. f3 {[%emt 0:00:13]} f5 {[%emt 0:00:04]} 31.
Rg7+ {[%emt 0:00:10]} Kf8 {[%emt 0:00:07]} 32. Rxh7 {[%emt 0:00:03] } fxe4
{[%emt 0:00:24]} 33. Ng6+ {[%emt 0:00:06]} Kg8 {[%emt 0:00:08]} 34. Rg7# {[%emt
0:00:02]} 1-0

[Event "DSJ Weihnachtsturnier U20 2020"]
[Site "https://play.chessbase.com/en/play?room=DSJWeihnachtU20"]
[Date "2020.12.29"]
[Round "3"]
[White "Peilert, Maximilian"]
[Black "Biedenbach, Daniel"]
[Result "0-1"]
[Termination "normal"]
[Board "17.4"]
[WhiteElo "1068"]
[BlackElo "1610"]
[WhiteTeam "Think Rochade - SC HRO"]
[BlackTeam "VfL Leipheim 1898"]
[PlyCount "50"]
[WhiteFideId "34686312"]
[BlackFideId "16281489"]
[EventRounds "7"]
[EventType "team-swiss"]
[EventDate "2020.12.29"]

1. e4 {[%emt 0:00:20]} c5 {[%emt 0:00:04]} 2. f4 {[%emt 0:00:03]} Nc6 {[%emt
0:00:24]} 3. Nf3 {[%emt 0:00:43]} e6 {[%emt 0:00:07]} 4. c4 {[%emt 0:00:03]} a6
{ [%emt 0:00:38]} 5. Nc3 {[%emt 0:00:22]} Qc7 {[%emt 0:00:29]} 6. d3 {[%emt
0:00:06]} b6 {[%emt 0:00:48]} 7. Be2 {[%emt 0:01:28]} Bb7 {[%emt 0:00:46]} 8.
Be3 { [%emt 0:00:09]} Nge7 {[%emt 0:00:15]} 9. O-O {[%emt 0:00:10]} g6 {[%emt
0:00:13]} 10. a3 {[%emt 0:00:24]} Bg7 {[%emt 0:00:07]} 11. e5 {[%emt 0:00:05]}
Nf5 { [%emt 0:00:17]} 12. Bf2 {[%emt 0:00:17]} O-O {[%emt 0:00:32]} 13. Rc1
{[%emt 0:00:25]} Rad8 {[%emt 0:00:22]} 14. Ne4 {[%emt 0:00:39]} d5 {[%emt
0:00:30]} 15. cxd5 {[%emt 0:00:16]} Rxd5 {[%emt 0:00:22]} 16. h3 {[%emt
0:00:22]} Nfd4 { [%emt 0:00:30]} 17. Rc4 {[%emt 0:00:45]} Nxf3+ {[%emt
0:00:19]} 18. Bxf3 { [%emt 0:00:10]} Nd4 {[%emt 0:00:01]} 19. Nf6+ {[%emt
0:00:43]} Bxf6 {[%emt 0:00:09]} 20. Bxd5 {[%emt 0:00:13]} Bxd5 {[%emt 0:00:06]}
21. Rxd4 {[%emt 0:00:07]} cxd4 {[%emt 0:00:37]} 22. exf6 {[%emt 0:00:03]} Qxf4
{[%emt 0:00:26]} 23. Qa4 {[%emt 0:00:39]} Rd8 {[%emt 0:00:33]} 24. Bxd4 {[%emt
0:00:27]} Qd2 { [%emt 0:00:44]} 25. Bxb6 {[%emt 0:00:18]} Qxg2# {[%emt
0:00:04]} 0-1

[Event "DSJ Weihnachtsturnier U20 2020"]
[Site "https://play.chessbase.com/en/play?room=DSJWeihnachtU20"]
[Date "2020.12.29"]
[Round "3"]
[White "Klühs, Gustaf"]
[Black "Weidner, Markus"]
[Result "1/2-1/2"]
[Termination "normal"]
[Board "18.1"]
[WhiteElo "1823"]
[BlackElo "1667"]
[WhiteTeam "SC Borussia Lichtenberg"]
[BlackTeam "SV Dresden-Striesen 1990"]
[PlyCount "111"]
[WhiteFideId "16228936"]
[BlackFideId "16236920"]
[EventRounds "7"]
[EventType "team-swiss"]
[EventDate "2020.12.29"]

1. e4 {[%emt 0:00:06]} c5 {[%emt 0:00:02]} 2. Nf3 {[%emt 0:00:03]} Nc6 { [%emt
0:00:02]} 3. d4 {[%emt 0:00:02]} cxd4 {[%emt 0:00:01]} 4. Nxd4 {[%emt 0:00:01]}
Nf6 {[%emt 0:00:01]} 5. Nc3 {[%emt 0:00:03]} e6 {[%emt 0:00:02]} 6. Ndb5 {[%emt
0:00:05]} a6 {[%emt 0:00:19]} 7. Nd6+ {[%emt 0:00:07]} Bxd6 { [%emt 0:00:01]}
8. Qxd6 {[%emt 0:00:02]} Qe7 {[%emt 0:00:01]} 9. Bf4 {[%emt 0:00:06]} O-O
{[%emt 0:00:26]} 10. Qxe7 {[%emt 0:00:10]} Nxe7 {[%emt 0:00:02]} 11. Bd6 {[%emt
0:00:01]} Re8 {[%emt 0:00:01]} 12. O-O-O {[%emt 0:00:02]} Nc6 { [%emt 0:00:23]}
13. Be2 {[%emt 0:00:17]} Kh8 {[%emt 0:00:13]} 14. e5 {[%emt 0:00:07]} Ng8
{[%emt 0:00:02]} 15. f4 {[%emt 0:00:11]} Nge7 {[%emt 0:00:03]} 16. g4 {[%emt
0:00:45]} b5 {[%emt 0:00:20]} 17. Ne4 {[%emt 0:00:13]} Bb7 {[%emt 0:00:03]} 18.
Nc5 {[%emt 0:00:03]} Na5 {[%emt 0:00:20]} 19. Nxb7 {[%emt 0:00:21]} Nxb7 {[%emt
0:00:02]} 20. Bf3 {[%emt 0:00:14]} Nc6 {[%emt 0:00:08]} 21. c3 { [%emt
0:00:38]} Nxd6 {[%emt 0:00:42]} 22. Rxd6 {[%emt 0:00:05]} Ra7 {[%emt 0:00:08]}
23. Rhd1 {[%emt 0:00:08]} Nb8 {[%emt 0:00:19]} 24. h4 {[%emt 0:00:18]} Rc7
{[%emt 0:00:25]} 25. Kb1 {[%emt 0:00:17]} f6 {[%emt 0:00:27]} 26. g5 { [%emt
0:02:12]} fxe5 {[%emt 0:00:40]} 27. fxe5 {[%emt 0:00:02]} Rf8 {[%emt 0:00:07]}
28. R1d3 {[%emt 0:00:07]} Rf4 {[%emt 0:00:23]} 29. R6d4 {[%emt 0:00:04] } Rc4
{[%emt 0:00:07]} 30. Bb7 {[%emt 0:00:53]} Rcxd4 {[%emt 0:00:18]} 31. Rxd4
{[%emt 0:00:03]} Rxd4 {[%emt 0:00:03]} 32. cxd4 {[%emt 0:00:02]} Kg8 {[%emt
0:00:17]} 33. Kc2 {[%emt 0:00:09]} Kf7 {[%emt 0:00:06]} 34. h5 {[%emt 0:00:03]}
h6 {[%emt 0:00:18]} 35. g6+ {[%emt 0:00:03]} Ke8 {[%emt 0:00:01]} 36. Kc3 {
[%emt 0:00:08]} Kd8 {[%emt 0:00:04]} 37. Kb4 {[%emt 0:00:03]} Kc7 {[%emt
0:00:03]} 38. Be4 {[%emt 0:00:09]} Kb6 {[%emt 0:00:06]} 39. Kc3 {[%emt
0:00:10]} Nc6 {[%emt 0:00:10]} 40. a3 {[%emt 0:00:11]} Na5 {[%emt 0:00:16]} 41.
b3 {[%emt 0:00:18]} Nc6 {[%emt 0:00:04]} 42. Bf3 {[%emt 0:00:22]} Ne7 {[%emt
0:00:05]} 43. Be4 {[%emt 0:00:02]} Nf5 {[%emt 0:00:09]} 44. Bxf5 {[%emt
0:01:19]} exf5 { [%emt 0:00:01]} 45. d5 {[%emt 0:00:15]} Kc5 {[%emt 0:00:28]}
46. e6 {[%emt 0:00:02]} Kd6 {[%emt 0:00:01]} 47. exd7 {[%emt 0:00:02]} Kxd7
{[%emt 0:00:01]} 48. Kd4 {[%emt 0:00:01]} Kd6 {[%emt 0:00:01]} 49. b4 {[%emt
0:00:03]} f4 { [%emt 0:00:03]} 50. Ke4 {[%emt 0:00:03]} f3 {[%emt 0:00:01]} 51.
Kxf3 {[%emt 0:00:01]} Kxd5 {[%emt 0:00:01]} 52. Kf4 {[%emt 0:00:01]} Kd4 {[%emt
0:00:07]} 53. Kf5 {[%emt 0:00:02]} Kd5 {[%emt 0:00:01]} 54. Kf4 {[%emt
0:00:01]} Kd6 { [%emt 0:01:12]} 55. Kf5 {[%emt 0:00:06]} Kd5 {[%emt 0:00:03]}
56. Kf4 {[%emt 0:00:02]} 1/2-1/2

[Event "DSJ Weihnachtsturnier U20 2020"]
[Site "https://play.chessbase.com/en/play?room=DSJWeihnachtU20"]
[Date "2020.12.29"]
[Round "3"]
[White "Pixa, Karl"]
[Black "Kraft, Adrian"]
[Result "1-0"]
[Termination "normal"]
[Board "18.2"]
[WhiteElo "1582"]
[BlackElo "1764"]
[WhiteTeam "SV Dresden-Striesen 1990"]
[BlackTeam "SC Borussia Lichtenberg"]
[PlyCount "53"]
[WhiteFideId "16240480"]
[BlackFideId "16235010"]
[EventRounds "7"]
[EventType "team-swiss"]
[EventDate "2020.12.29"]

1. d4 {[%emt 0:00:06]} Nf6 {[%emt 0:00:05]} 2. c4 {[%emt 0:00:06]} d5 {[%emt
0:00:08]} 3. cxd5 {[%emt 0:00:03]} Nxd5 {[%emt 0:00:02]} 4. e4 {[%emt 0:00:03]}
Nb6 {[%emt 0:00:03]} 5. Nc3 {[%emt 0:00:10]} e6 {[%emt 0:00:08]} 6. Nf3 { [%emt
0:00:11]} Nc6 {[%emt 0:00:04]} 7. Bb5 {[%emt 0:00:13]} Bd7 {[%emt 0:00:05]} 8.
O-O {[%emt 0:00:04]} a6 {[%emt 0:00:03]} 9. Ba4 {[%emt 0:00:55]} Be7 { [%emt
0:00:24]} 10. d5 {[%emt 0:00:19]} exd5 {[%emt 0:00:11]} 11. exd5 { [%emt
0:00:00]} Nb8 {[%emt 0:00:13]} 12. Bxd7+ {[%emt 0:00:03]} N8xd7 {[%emt
0:00:04]} 13. Bf4 {[%emt 0:00:06]} O-O {[%emt 0:00:05]} 14. Rc1 {[%emt
0:00:19]} Nf6 {[%emt 0:00:05]} 15. Bg5 {[%emt 0:00:53]} Nfxd5 {[%emt 0:00:15]}
16. Nxd5 { [%emt 0:00:09]} Nxd5 {[%emt 0:00:45]} 17. Bxe7 {[%emt 0:00:03]} Nxe7
{[%emt 0:00:07]} 18. Qxd8 {[%emt 0:00:02]} Raxd8 {[%emt 0:00:08]} 19. Rxc7
{[%emt 0:00:02]} Nf5 {[%emt 0:00:12]} 20. Rxb7 {[%emt 0:00:05]} Rb8 {[%emt
0:00:16]} 21. Rxb8 {[%emt 0:00:13]} Rxb8 {[%emt 0:00:03]} 22. b3 {[%emt
0:00:03]} g6 { [%emt 0:00:08]} 23. g3 {[%emt 0:00:37]} Kg7 {[%emt 0:00:02]} 24.
Rd1 {[%emt 0:00:07]} Rb7 {[%emt 0:00:50]} 25. Nd4 {[%emt 0:00:07]} Kf6 {[%emt
0:00:27]} 26. Nxf5 {[%emt 0:00:15]} a5 {[%emt 0:00:00]} 27. Ne3 {[%emt
0:00:11]} 1-0

[Event "DSJ Weihnachtsturnier U20 2020"]
[Site "https://play.chessbase.com/en/play?room=DSJWeihnachtU20"]
[Date "2020.12.29"]
[Round "3"]
[White "Jessen, Mathilde"]
[Black "Schöneberg, Kevin"]
[Result "0-1"]
[Termination "time forfeit"]
[Board "18.4"]
[WhiteElo "1156"]
[BlackElo "946"]
[WhiteTeam "SV Dresden-Striesen 1990"]
[BlackTeam "SC Borussia Lichtenberg"]
[PlyCount "86"]
[WhiteFideId "16240340"]
[EventRounds "7"]
[EventType "team-swiss"]
[EventDate "2020.12.29"]

1. e4 {[%emt 0:00:07]} c6 {[%emt 0:00:03]} 2. Nc3 {[%emt 0:00:04]} d5 {[%emt
0:00:05]} 3. exd5 {[%emt 0:00:06]} cxd5 {[%emt 0:00:00]} 4. Nf3 {[%emt
0:00:04]} Nf6 {[%emt 0:00:05]} 5. d4 {[%emt 0:00:03]} Nc6 {[%emt 0:00:03]} 6.
h3 { [%emt 0:00:10]} e6 {[%emt 0:00:09]} 7. Bg5 {[%emt 0:00:10]} Be7 {[%emt
0:00:04] } 8. Be2 {[%emt 0:00:17]} O-O {[%emt 0:00:18]} 9. O-O {[%emt 0:00:03]}
h6 { [%emt 0:00:23]} 10. Bf4 {[%emt 0:00:24]} Qb6 {[%emt 0:00:14]} 11. b3
{[%emt 0:00:18]} Bb4 {[%emt 0:00:56]} 12. Na4 {[%emt 0:00:33]} Qd8 {[%emt
0:00:13]} 13. c3 {[%emt 0:00:16]} b5 {[%emt 0:00:13]} 14. cxb4 {[%emt 0:00:10]}
bxa4 { [%emt 0:00:03]} 15. bxa4 {[%emt 0:00:03]} Nxb4 {[%emt 0:00:07]} 16. Qb3
{ [%emt 0:00:35]} Ba6 {[%emt 0:00:28]} 17. Bxa6 {[%emt 0:00:09]} Nxa6 {[%emt
0:00:02]} 18. Ne5 {[%emt 0:00:27]} Nd7 {[%emt 0:00:45]} 19. Rfe1 {[%emt
0:00:26]} Rb8 {[%emt 0:00:21]} 20. Qc3 {[%emt 0:00:26]} Nxe5 {[%emt 0:00:11]}
21. Bxe5 { [%emt 0:00:06]} Rc8 {[%emt 0:00:03]} 22. Qg3 {[%emt 0:00:07]} Qg5
{[%emt 0:00:17]} 23. Qxg5 {[%emt 0:00:12]} hxg5 {[%emt 0:00:00]} 24. Re2 {[%emt
0:00:15]} Rc4 {[%emt 0:00:08]} 25. a5 {[%emt 0:00:40]} f6 {[%emt 0:00:16]} 26.
Bd6 { [%emt 0:00:34]} Rd8 {[%emt 0:00:02]} 27. Bh2 {[%emt 0:00:17]} Kf7 {[%emt
0:00:02]} 28. Rd2 {[%emt 0:00:18]} Ra4 {[%emt 0:00:03]} 29. Rb1 {[%emt
0:00:08]} Rd7 {[%emt 0:00:13]} 30. Rb5 {[%emt 0:00:09]} Nc7 {[%emt 0:00:04]}
31. Rb7 { [%emt 0:00:19]} Rc4 {[%emt 0:00:12]} 32. g4 {[%emt 0:00:21]} Ke7
{[%emt 0:00:13]} 33. Rxa7 {[%emt 0:00:11]} Nb5 {[%emt 0:00:06] DD-Stri1-004
offers a draw} 34. Rxd7+ {[%emt 0:00:31]} Kxd7 {[%emt 0:00:01]} 35. Rb2 {[%emt
0:00:21]} Kc6 { [%emt 0:00:30]} 36. a4 {[%emt 0:00:18]} Rxa4 {[%emt 0:00:18]}
37. Rc2+ { [%emt 0:00:12]} Rc4 {[%emt 0:00:03]} 38. Ra2 {[%emt 0:00:31]} Kb7
{[%emt 0:00:11]} 39. Rb2 {[%emt 0:00:18]} Ka6 {[%emt 0:00:02]} 40. Ra2 {[%emt
0:00:16]} Rxd4 {[%emt 0:00:04]} 41. Kg2 {[%emt 0:00:11]} Rc4 {[%emt 0:00:08]}
42. f3 { [%emt 0:00:12]} d4 {[%emt 0:00:02]} 43. Bg3 {[%emt 0:00:09]} d3 {[%emt
0:00:04] TimeW} 0-1

[Event "DSJ Weihnachtsturnier U20 2020"]
[Site "https://play.chessbase.com/en/play?room=DSJWeihnachtU20"]
[Date "2020.12.29"]
[Round "3"]
[White "Schelhorn, Paul"]
[Black "Hupfer, Maurice"]
[Result "1-0"]
[Termination "normal"]
[Board "19.1"]
[WhiteElo "1730"]
[BlackElo "1484"]
[WhiteTeam "Schachfreunde 1974 Heinsberg"]
[BlackTeam "Schachfreunde Greiz"]
[PlyCount "55"]
[WhiteFideId "12964077"]
[BlackFideId "34641475"]
[EventRounds "7"]
[EventType "team-swiss"]
[EventDate "2020.12.29"]

1. Nf3 {[%emt 0:00:12]} Nf6 {[%emt 0:00:03]} 2. d4 {[%emt 0:00:01]} c5 { [%emt
0:00:06]} 3. c4 {[%emt 0:00:05]} cxd4 {[%emt 0:00:06]} 4. Nxd4 {[%emt 0:00:01]}
Nc6 {[%emt 0:00:03]} 5. Nc3 {[%emt 0:00:02]} a6 {[%emt 0:00:05]} 6. g3 {[%emt
0:00:01]} e6 {[%emt 0:00:04]} 7. Bg2 {[%emt 0:00:03]} Be7 {[%emt 0:00:05]} 8.
O-O {[%emt 0:00:02]} O-O {[%emt 0:00:04]} 9. b3 {[%emt 0:00:12]} Nxd4 { [%emt
0:00:12]} 10. Qxd4 {[%emt 0:00:02]} Qc7 {[%emt 0:00:09]} 11. Be3 { [%emt
0:00:56]} d6 {[%emt 0:00:13]} 12. Rad1 {[%emt 0:00:27]} Rd8 {[%emt 0:00:08]}
13. h3 {[%emt 0:00:48]} e5 {[%emt 0:00:05]} 14. Qb6 {[%emt 0:00:11]} Qxb6
{[%emt 0:00:10]} 15. Bxb6 {[%emt 0:00:00]} Re8 {[%emt 0:00:01]} 16. Bc7 { [%emt
0:00:10]} Bf5 {[%emt 0:00:48]} 17. Bxd6 {[%emt 0:00:22]} h6 {[%emt 0:00:12]}
18. Bxb7 {[%emt 0:00:45]} Ra7 {[%emt 0:00:11]} 19. Bxe7 {[%emt 0:00:00]} Rxe7
{[%emt 0:00:06]} 20. Rd8+ {[%emt 0:00:04]} Kh7 {[%emt 0:00:03]} 21. Bg2 { [%emt
0:00:05]} Rad7 {[%emt 0:00:03]} 22. Rd1 {[%emt 0:00:10]} g5 {[%emt 0:00:11]}
23. Bc6 {[%emt 0:00:23]} Rc7 {[%emt 0:00:09]} 24. Nd5 {[%emt 0:00:08]} Nxd5
{[%emt 0:00:06]} 25. cxd5 {[%emt 0:00:00]} Ra7 {[%emt 0:00:17]} 26. d6 { [%emt
0:00:05]} Re6 {[%emt 0:00:13]} 27. Rd7 {[%emt 0:00:15]} Rf6 {[%emt 0:00:05]}
28. Rxa7 {[%emt 0:00:18]} 1-0

[Event "DSJ Weihnachtsturnier U20 2020"]
[Site "https://play.chessbase.com/en/play?room=DSJWeihnachtU20"]
[Date "2020.12.29"]
[Round "3"]
[White "Förster, Nico"]
[Black "Benz, Leon"]
[Result "1-0"]
[Termination "normal"]
[Board "19.2"]
[WhiteElo "1789"]
[BlackElo "1639"]
[WhiteTeam "Schachfreunde Greiz"]
[BlackTeam "Schachfreunde 1974 Heinsberg"]
[PlyCount "73"]
[WhiteFideId "16292952"]
[BlackFideId "16294602"]
[EventRounds "7"]
[EventType "team-swiss"]
[EventDate "2020.12.29"]

1. e4 {[%emt 0:00:07]} c6 {[%emt 0:00:01]} 2. d4 {[%emt 0:00:02]} d5 {[%emt
0:00:02]} 3. exd5 {[%emt 0:00:01]} cxd5 {[%emt 0:00:02]} 4. Bd3 {[%emt
0:00:00]} Nf6 {[%emt 0:00:06]} 5. Ne2 {[%emt 0:00:02]} Nc6 {[%emt 0:00:10]} 6.
c3 { [%emt 0:00:02]} e6 {[%emt 0:00:10]} 7. Bf4 {[%emt 0:00:03]} Bd6 {[%emt
0:00:04] } 8. Bg3 {[%emt 0:00:02]} O-O {[%emt 0:00:06]} 9. Nd2 {[%emt 0:00:04]}
e5 { [%emt 0:00:38]} 10. dxe5 {[%emt 0:00:04]} Nxe5 {[%emt 0:00:00]} 11. Nf3 {
[%emt 0:00:06]} Nxf3+ {[%emt 0:00:13]} 12. gxf3 {[%emt 0:00:03]} Re8 {[%emt
0:00:15]} 13. Qc2 {[%emt 0:00:21]} Be6 {[%emt 0:00:51]} 14. O-O-O {[%emt
0:00:12] } Rc8 {[%emt 0:00:05]} 15. Nd4 {[%emt 0:00:03]} a6 {[%emt 0:00:35]}
16. Nxe6 { [%emt 0:00:02]} Rxe6 {[%emt 0:00:01]} 17. Bf5 {[%emt 0:00:02]} Qe7
{[%emt 0:02:47]} 18. Bxe6 {[%emt 0:00:11]} Qxe6 {[%emt 0:00:00]} 19. Rhe1
{[%emt 0:00:05]} Qd7 {[%emt 0:00:10]} 20. Bxd6 {[%emt 0:00:06]} Qxd6 {[%emt
0:00:01]} 21. Qf5 { [%emt 0:00:17]} Rd8 {[%emt 0:00:26]} 22. Qe5 {[%emt
0:00:28]} Qc5 {[%emt 0:00:17]} 23. Kb1 {[%emt 0:00:25]} h6 {[%emt 0:00:34]} 24.
Qd4 {[%emt 0:00:08]} Qd6 {[%emt 0:00:14]} 25. Rg1 {[%emt 0:00:11]} g6 {[%emt
0:01:04]} 26. f4 {[%emt 0:00:47]} Kh7 {[%emt 0:00:53]} 27. Qe5 {[%emt 0:00:28]}
Qc6 {[%emt 0:00:40]} 28. f5 {[%emt 0:00:24]} Nh5 {[%emt 0:00:24]} 29. fxg6+
{[%emt 0:00:10]} fxg6 { [%emt 0:00:01]} 30. Qe7+ {[%emt 0:00:05]} Kg8 {[%emt
0:00:03]} 31. Qxd8+ { [%emt 0:00:02]} Kg7 {[%emt 0:00:02]} 32. Qxd5 {[%emt
0:00:07]} Qf6 {[%emt 0:00:02]} 33. Qxb7+ {[%emt 0:00:07]} Kf8 {[%emt 0:00:02]}
34. Qc8+ {[%emt 0:00:14]} Ke7 {[%emt 0:00:02]} 35. Rge1+ {[%emt 0:00:05]} Kf7
{[%emt 0:00:01]} 36. Rd7+ { [%emt 0:00:05]} Qe7 {[%emt 0:00:04]} 37. Rdxe7+
{[%emt 0:00:04]} 1-0